00597nam a2200193Ia 450000500170000000800410001702000290005804000190008704100120010608200170011810000200013524500880015526000350024330000150027865000350029365000360032870000290036485000100039320180713140718.0131103s9999 xx 000 0 und d a9878170462918cRs.175.00 aLoreto College aEnglish a891.443bDEV aDevi, Mahasweta aBedanabala b Her life, Her times cMahasweta Debi.Translated by Sunandini Banerjee aCalcuttabSeagull Booksc2009  a76p b20cm aLiterature in Indian Languages aFiction translated from Bengali aBanerjee, Sunandini4tr. aLCLIB